Once upon a midnight, (Record no. 17905)
[ view plain ]
| 000 -LEADER | |
|---|---|
| fixed length control field | 00851cam a22002651 4500 |
| 001 - CONTROL NUMBER | |
| control field | ca 35000848 |
| 003 - CONTROL NUMBER IDENTIFIER | |
| control field | DLC |
| 005 - DATE AND TIME OF LATEST TRANSACTION | |
| control field | 20260227111139.0 |
| 007 - PHYSICAL DESCRIPTION FIXED FIELD--GENERAL INFORMATION | |
| fixed length control field | cr_||||||||||| |
| 008 - FIXED-LENGTH DATA ELEMENTS--GENERAL INFORMATION | |
| fixed length control field | 891212s1922 nyu 000 0 eng |
| 010 ## - LIBRARY OF CONGRESS CONTROL NUMBER | |
| LC control number | ca 35000848 |
| 035 ## - SYSTEM CONTROL NUMBER | |
| System control number | (OCoLC)20770755 |
| 040 ## - CATALOGING SOURCE | |
| Original cataloging agency | DLC |
| Transcribing agency | RPB |
| Modifying agency | DLC |
| 042 ## - AUTHENTICATION CODE | |
| Authentication code | premarc |
| 050 00 - LIBRARY OF CONGRESS CALL NUMBER | |
| Classification number | PS2609.A37 |
| Item number | S8 |
| 082 ## - DEWEY DECIMAL CLASSIFICATION NUMBER | |
| Classification number | 812.5 |
| 100 1# - MAIN ENTRY--PERSONAL NAME | |
| Personal name | Sullivan, Vincent Philamon, |
| Dates associated with a name | 1887- |
| 245 10 - TITLE STATEMENT | |
| Title | Once upon a midnight, |
| Remainder of title | a dramatization of Poes̓ "Raven", |
| Statement of responsibility, etc. | by Vincent P. Sullivan. |
| 260 ## - PUBLICATION, DISTRIBUTION, ETC. | |
| Place of publication, distribution, etc. | Norwich, N.Y., |
| Name of publisher, distributor, etc. | F.J. Stanton, |
| Date of publication, distribution, etc. | c1922. |
| 300 ## - PHYSICAL DESCRIPTION | |
| Extent | [8] p. |
| Dimensions | 16 cm. |
| 490 0# - SERIES STATEMENT | |
| Series statement | The Peerless series. |
| Volume/sequential designation | no. 71 |
| 530 ## - ADDITIONAL PHYSICAL FORM AVAILABLE NOTE | |
| Additional physical form available note | Also available in digital form on the Internet Archive Web site. |
| 700 1# - ADDED ENTRY--PERSONAL NAME | |
| Personal name | Poe, Edgar Allan, |
| Dates associated with a name | 1809-1849. |
| Title of a work | Raven. |
| 856 41 - ELECTRONIC LOCATION AND ACCESS | |
| Uniform Resource Identifier | <a href="http://hdl.loc.gov/loc.gdc/scd0001.00162558377">http://hdl.loc.gov/loc.gdc/scd0001.00162558377</a> |
No items available.